| 000 | 00845nam a2200265 i 4500 | ||
|---|---|---|---|
| 001 | 69062 | ||
| 003 | ES-MaACL | ||
| 005 | 20230906170426.0 | ||
| 007 | t| | ||
| 008 | 040907s2004 sp ||||1| spa d | ||
| 020 | _a84-8460-369-5 | ||
| 080 | _a323.285(460)"2004" | ||
| 080 | _a316.627 | ||
| 080 | _a929-058.64(460) | ||
| 100 | 1 |
_aBenzo Sáinz, Fernando. _927815 |
|
| 245 | 1 | 0 |
_aHéroes inesperados _b: la otra cara del 11-M / _cFernando Benzo Sáinz ; con la colaboración de Fernando Delgado. |
| 250 | _a1ª ed. | ||
| 260 |
_aMadrid : _bTemas de Hoy, _c2004. |
||
| 300 |
_a235 p. ; _c24 cm. |
||
| 650 | 4 |
_aAtentados del 11 de Marzo, Madrid, 2004. _9140770 |
|
| 650 | 1 | 4 |
_aSolidaridad. _917226 |
| 650 | 1 | 4 |
_aVíctimas del terrorismo- _yEspaña. _917787 |
| 700 | 1 |
_aDelgado, Fernando. _943405 |
|
| 852 |
_aES-MaACL _jL-28149 _bR.134114 |
||
| 999 |
_c69062 _d69062 |
||